000 01311nam a22002417a 4500
005 20220715152113.0
008 220715b ||||| |||| 00| 0 eng d
020 _a8129100681
040 _cAL
041 _aEnglish
082 _223
_a305.6946
_bSINT
100 _aGurmukh Singh
_950058
245 _aRise of Sikhs Abroad
260 _aNew Dehli
_bRupa and Co
_c2003
300 _axiii,285 p.
_bHB
_c28.5x21.5 cm.
365 _b₹2500.00
_c
_d₹2500.00
520 _aThis glossy coffee - table book captures in vivid detail the rise of the Sikhs as a global community. The Sikhs started migrating to various corners of the globe from about the end of the 19th century. However, today they occupy a place of pride in their adopted lands owing to their sterling success in fields as diverse as politics, business, entertainment and administration. The lucid style of writing, combined with exhaustive research conducted across various parts of the world, makes this book an important tool in assessing the success of this enterprising and global community.
650 _aSikhs -- Foreign countries -- Social conditions
_950059
650 _aSikhs -- Foreign countries -- Economic conditions
_950060
650 _aGurmukh Singh, 1958
_950061
700 _aSINGH (Gurmukh)
_950062
942 _2ddc
_cGF
999 _c223838
_d223838